00441nam a2200169Ia 4500001001000000003000500010008004100015010001100056040000900067082001900076245005700095260003200152300001100184650004200195650001500237700001900252Para_6667CHAP220125s1982 xx 000 0 und d a205514 cCHAP aPA 632.951 I58 aInsecticide mode of action /c ed. by Joel R. Coats aNew York :b Academic Press a470 p. aInsecticidas x Efectos fisiologicos  aPesticidas aCoats, Joel R.